| 000 | 00726cam a22002294a 4500 | ||
|---|---|---|---|
| 999 |
_c937 _d937 |
||
| 001 | 4747 | ||
| 003 | BD-DhUAP | ||
| 005 | 20200129112312.0 | ||
| 008 | 200129s2002 dcu b 000 0 eng | ||
| 010 | _a 2002069179 | ||
| 020 | _a0821351052 | ||
| 040 |
_aDLC _cDLC _dBD-DhUAP |
||
| 050 | 0 | 0 |
_aHC59.72.I55 _bI497 2002 |
| 082 | 0 | 0 |
_a384.091724 WOR _223 |
| 245 | 0 | 0 |
_aInformation and communication technologies : _ba World Bank group strategy. |
| 260 |
_aWashington, DC : _bWorld Bank, _cc2002. |
||
| 300 |
_axv, 82 pages : _billustrations ; _c28 cm. |
||
| 650 | 0 |
_aInformation technology _xEconomic aspects _zDeveloping countries. |
|
| 650 | 0 |
_aCommunication _zDeveloping countries. |
|
| 710 | _aThe World Bank. | ||
| 942 |
_2ddc _cBK |
||